ՀՀ Գիտությունների ազգային ակադեմիայի հիմնարար գիտական գրադարան  =   Fundamental Scientific Library of NAS RA

Հիշողության հեռաստան : (Record no. 88310)

MARC details
000 -LEADER
fixed length control field 00933nam a2200205 a 4500
001 - CONTROL NUMBER
control field 000247190
003 - CONTROL NUMBER IDENTIFIER
control field AM-YeHGA
005 - DATE AND TIME OF LATEST TRANSACTION
control field 20250618071648.0
008 - FIXED-LENGTH DATA ELEMENTS--GENERAL INFORMATION
fixed length control field 030715s1984 ai 000 | arm d
040 ## - CATALOGING SOURCE
Original cataloging agency AM-YeHGA
090 ## - LOCALLY ASSIGNED LC-TYPE CALL NUMBER (OCLC); LOCAL CALL NUMBER (RLIN)
-- 89596
245 10 - TITLE STATEMENT
Title Հիշողության հեռաստան :
Remainder of title Հիշողության դատ : Պոեմներ /
Statement of responsibility, etc. Ե. Իսաև; Թարգմ.՝ Ա. Սահակյան; Խմբ.՝ Վ. Բաբայան; Նկ.՝ Ջ. Գասպարյան.
246 15 - VARYING FORM OF TITLE
Title proper/short title Հիշողության դատ :
260 ## - PUBLICATION, DISTRIBUTION, ETC.
Place of publication, distribution, etc. Երևան :
Name of publisher, distributor, etc. Սովետական գրող,
Date of publication, distribution, etc. 1984.
300 ## - PHYSICAL DESCRIPTION
Extent 167 էջ ;
Dimensions 20 սմ.
650 14 - SUBJECT ADDED ENTRY--TOPICAL TERM
Topical term or geographic name entry element Ռուս գրականություն
General subdivision Պոեզիա
700 1# - ADDED ENTRY--PERSONAL NAME
Personal name Սահակյան, Արամայիս Ադամի,
Dates associated with a name 1936-2013
Relator term թարգմ.
Relationship trl
9 (RLIN) 2373
700 1# - ADDED ENTRY--PERSONAL NAME
Personal name Բաբայան, Վարդգես Հակոբի,
Dates associated with a name 1925-2005
Relator term խմբ.
Relationship edt
9 (RLIN) 1703
700 1# - ADDED ENTRY--PERSONAL NAME
Personal name Գասպարյան, Ջանիկ Երեմի,
Dates associated with a name 1930-
Relator term նկ.
Relationship art
Holdings
Withdrawn status Lost status Damaged status Not for loan Collection Home library Current library Date acquired Total checkouts Full call number Barcode Date last seen Price effective from Koha item type Public note
        General Fundamental Scientific Library Fundamental Scientific Library 22/12/2016   882 220070159 22/12/2016 22/12/2016 Գրքեր / Books 30 Days Loan
        General Fundamental Scientific Library Fundamental Scientific Library 22/12/2016   882 220071320 22/12/2016 22/12/2016 Գրքեր / Books 30 Days Loan


ՀՀ ԳԱԱ հիմնարար գիտական գրադարան
ՀՀ,Երևան 0019
Մարշալ Բաղրամյան 24/6
հեռախոս:(374-10) 52-47-50
Հետադարձ կապ

All site content, except where otherwise noted, is licensed under a
Creative Commons License